UBT Library

Cross-talk in comp theory : (Record no. 41696)

000 -LEADER
fixed length control field 00756cam a2200229 a 4500
001 - CONTROL NUMBER
control field 13041891
005 - DATE AND TIME OF LATEST TRANSACTION
control field 20180202083950.0
008 - FIXED-LENGTH DATA ELEMENTS--GENERAL INFORMATION
fixed length control field 021226s2003 ilu b 001 0 eng
010 ## - LIBRARY OF CONGRESS CONTROL NUMBER
LC control number 2002156573
020 ## - INTERNATIONAL STANDARD BOOK NUMBER
International Standard Book Number 0814109764
040 ## - CATALOGING SOURCE
Original cataloging agency DLC
Transcribing agency DLC
Modifying agency DLC
041 ## - LANGUAGE CODE
Language code of text/sound track or separate title eng
080 ## - UNIVERSAL DECIMAL CLASSIFICATION NUMBER
Universal Decimal Classification number 808.042071
082 00 - DEWEY DECIMAL CLASSIFICATION NUMBER
Classification number 808.042071 VIL
Edition number 21
100 ## - Rafti
Rafti 21
101 ## - Shkurtesa
Shkurtesa GJL
245 00 - TITLE STATEMENT
Title Cross-talk in comp theory :
Statement of responsibility, etc edited by Victor Villanueva.
504 ## - BIBLIOGRAPHY, ETC. NOTE
Bibliography, etc Includes bibliographical references (p. 847-851) and index.
906 ## - LOCAL DATA ELEMENT F, LDF (RLIN)
a 7
b cbc
c orignew
d 1
e ecip
f 20
g y-gencatlg
942 ## - ADDED ENTRY ELEMENTS (KOHA)
Source of classification or shelving scheme
Item type Books
Holdings
Withdrawn status Lost status Source of classification or shelving scheme Damaged status Not for loan Collection code Permanent location Current location Shelving location Date acquired Total Checkouts Full call number Barcode Date last seen Price effective from Koha item type
          Koleksioni i përgjithshem UBT - Lipjan UBT - Lipjan Koleksioni i përgjithshem 02/02/2018   808.042071 VIL 002-2997585 02/02/2018 02/02/2018 Books
UBT Library © 2015-2024. All rights reserved University Education for Business and Technology